000 00293nam a22001217a 4500
008 230619b xxu||||| |||| 00| 0 eng d
082 _a150
_bMIL
100 _cGeorge A. Miller
245 _aPsychology and Communication
260 _aUS
_bForum Series
_c1974
300 _a336p
942 _2ddc
_cBK
999 _c1149
_d1149